00393cam a2200157ua 45000010005000000080039000050400009000440820013000531000024000662450044000902500009001342600036001433000016001796530018001956530022002133479111116n ii |||gr||||Z||||||asm cMAIN a891.4511 aKalita, Toshprobha,11aNirbachita kabitacby Toshprobha Kalita a1st. aNalbari:bJournal Emporium,997. a99p:c23cm. aAssamese poem aNirbachita kabita